| 000 | 01828nam a2200493 i 4500 | ||
|---|---|---|---|
| 001 | 5768 | ||
| 003 | KOSZ 005 | ||
| 005 | 20220318102915.0 | ||
| 008 | 970629s1993 pl a f |001 0 pol | ||
| 015 | _aPB 1993/9613 | ||
| 035 | _a991000784139705066 | ||
| 035 | _a(PL-WaBN)b10248055-48omnis_nlop | ||
| 035 | _ab10248055 | ||
| 035 | _a(OCoLC)830055217 | ||
| 035 | _a(PL)b0000001024805 | ||
| 035 | _a(EXLNZ-48OMNIS_NETWORK)9910350493605606 | ||
| 040 |
_aWA N _cWA N _dKOSZ 005/EG |
||
| 041 | _apol | ||
| 046 | _k1974 | ||
| 080 | _a624.01/.07 | ||
| 100 | 1 |
_aDyląg, Zdzisław _d(1923-2015) _eAutor |
|
| 245 | 1 | 0 |
_aMechanika budowli. _nT. 4 / _cZdzisław Dyląg, Eugenia Krzemińska-Niemiec, Franciszek Filip ; [aut. t. 4] Zdzisław Dyląg, Eugenia Krzemińska-Niemiec. |
| 250 | _aWyd. 4 zm. i rozsz. | ||
| 260 |
_aBiałystok : _bWydawnictwa Politechniki Białostockiej, _c1993. |
||
| 300 |
_a418, [1] s., [1] k. tabl. : _brys., wykr. ; _c24 cm. |
||
| 336 |
_2rdacontent _aTekst _btxt |
||
| 337 |
_2rdamedia _aBez urządzenia pośredniczącego _bn |
||
| 338 |
_2rdacarrier _aWolumin _bnc |
||
| 380 | _aKsiążki | ||
| 385 |
_aSzkoły wyższe _mPoziom nauczania |
||
| 388 | _a1901-2000 | ||
| 504 | _aBibliogr. s. 400-412. - Indeks. | ||
| 521 | _aPodręcznik dla studentów wyższych szkół technicznych. | ||
| 580 | _aT. 1 poz. 82/90 | ||
| 650 | 7 |
_aMechanika budowli _2DBN |
|
| 655 | 7 |
_aPodręczniki akademickie _2DBN |
|
| 658 | _aArchitektura i budownictwo | ||
| 700 | 1 |
_aKrzemińska-Niemiec, Eugenia _eAutor |
|
| 710 | 2 | _aWydawnictwa Politechniki Białostockiej | |
| 700 | 1 |
_aFilip, Franciszek _eAutor |
|
| 856 |
_uhttp://koha.tu.koszalin.pl/cgi-bin/koha/opac-detail.pl?biblionumber=5768 _yKatalog online BPK |
||
| 942 |
_2UKD _cKS |
||
| 999 |
_c5768 _d5768 |
||